000 00517nam a2200181Ia 4500
008 220531s9999 xx 000 0 und d
041 _amar
100 _aभिंगे सु.अनु.
_968279
245 _aइस्‍लामचे एतिहासिक योगदान
250 _a1ST
260 _aMumbai
_bBhashya Prakashan
_c2013
300 _a148
542 _d20-12-2014
551 _aMarathi
_bUgc-MRA
650 _aHistory
_968280
906 _d2014-2015
_f4090
999 _c38371
_d38371